Sabrina Carpenter - Chansons en emojis #3 - Statistiques

Statistiques générales
  • Ce quiz a été pris 55 fois
  • Le résultat moyen est 3 sur 10
Statistiques - réponses
Emojis Chansons % Correct
1️⃣5️⃣⌚️ 15 Minutes
98%
👩🏼‍💻💼👩🏼 Busy Woman
51%
🏳️ White Flag
49%
🚬&🔥 Smoke and Fire
36%
🤏❤️ Almost Love
28%
⬇️🛌 In My Bed
23%
✌️👶🏻❤️❤️ Two Young Hearts
11%
🙋🏼‍♀️❌🛑🙋🏼‍♀️ I Can't Stop Me
9%
❌🗣️ No Words
4%
🏜️💭 Mirage
2%
Aucun quiz correspondant
Distribution des résultats
% des personnes avec chaque résultat
Percentile par nombre de réponses
Votre historique - résultats
Vous n’avez pas pris ce quiz